[Event "Credit Suisse Masters"]
[Site "Horgen SWZ"]
[Date "1995.10.21"]
[Round "1"]
[White "Timman, Jan"]
[Black "Vaganian, Rafael"]
[Result "0-1"]
[WhiteTitle "GM"]
[WhiteElo "2590"]
[BlackTitle "GM"]
[BlackElo "2645"]

1.e4 e6 2.d4 d5 3.Nc3 Bb4 4.e5 c5 5.a3 Ba5 6.Qg4 Ne7 7.b4 cxb4 8.Nb5 b3+
9.c3 Nf5 10.Bd2 O-O 11.Qh3 a6 12.g4 Qh4 13.Qxh4 Nxh4 14.Nd6 b5 15.Rb1 Nd7
16.Rxb3 Nb6 17.Bf4 f6 18.Bg3 Ng6 19.f4 fxe5 20.fxe5 Ra7 21.Ne2 Nc4
22.Bh3 Bd7 23.Rf1 Raa8 24.Nxc4 dxc4 25.Rb1 Bc6 26.Kd2 Bf3 27.Ng1 Be4
28.Rbe1 Rxf1 29.Bxf1 Bc6 30.Bh3 Rf8 31.g5 Bd5 32.Bg4 Bd8 33.h4 Nxh4
34.Bxh4 Rf4 35.Bxe6+ Bxe6 36.Bg3 Rg4 37.Ne2 Bxg5+ 38.Kd1 h5 39.Rf1 h4
40.Bf4 Be7 41.Be3 g5 42.Ke1 Bd5 43.Rg1 Rxg1+ 44.Nxg1 Kf7 0-1

[Event "Credit Suisse Masters"]
[Site "Horgen SWZ"]
[Date "1995.10.21"]
[Round "1"]
[White "Gulko, Boris"]
[Black "Korchnoi, Viktor"]
[Result "1-0"]
[WhiteTitle "GM"]
[WhiteElo "2620"]
[BlackTitle "GM"]
[BlackElo "2635"]

1.c4 Nf6 2.Nc3 e5 3.Nf3 Nc6 4.g3 Bb4 5.Bg2 O-O 6.O-O Re8 7.d3 Bxc3
8.bxc3 e4 9.Nd4 d6 10.Bg5 exd3 11.exd3 Nxd4 12.cxd4 h6 13.Be3 Bg4
14.Qb3 Rb8 15.h3 Bf5 16.Rae1 b5 17.cxb5 Bd7 18.a4 a6 19.d5 axb5 20.a5 Qc8
21.Kh2 Qa6 22.Ra1 b4 23.Rfc1 Rec8 24.Rc4 c5 25.dxc6 Be6 26.Bb6 Bxc4
27.dxc4 Rxb6 28.axb6 Qxb6 29.Qe3 Qxe3 30.fxe3 Rb8 31.c7 1-0

[Event "Credit Suisse Masters"]
[Site "Horgen SWZ"]
[Date "1995.10.21"]
[Round "1"]
[White "Yusupov, Artur"]
[Black "Lautier, Joel"]
[Result "1/2-1/2"]
[WhiteTitle "GM"]
[WhiteElo "2680"]
[BlackTitle "GM"]
[BlackElo "2645"]

1.Nf3 c5 2.c4 Nf6 3.g3 d5 4.cxd5 Nxd5 5.Bg2 Nc6 6.Nc3 Nc7 7.b3 e5
8.Ba3 Be7 9.O-O Bg4 10.Ne1 Qd7 11.Nd3 Qxd3 12.exd3 Bxd1 13.Rfxd1 O-O-O
14.Rac1 Rxd3 15.Na4 Rhd8 16.Bxc5 Bxc5 17.Nxc5 Rxd2 18.Bh3+ Ne6 19.Re1 Kb8
20.Bxe6 fxe6 21.Na6+ Ka8 22.Nc7+ Kb8 23.Na6+ Kc8 24.Nb4 R8d6 25.a4 Rb2
26.Rc3 Rdd2 27.Nxc6 bxc6 28.Rxe5 Rxf2 29.Rxc6+ Kd7 30.Rcxe6 Rg2+
31.Kf1 Rxh2 32.Re7+ 1/2-1/2

[Event "Credit Suisse Masters"]
[Site "Horgen SWZ"]
[Date "1995.10.23"]
[Round "3"]
[White "Timman, Jan"]
[Black "Kramnik, Vladimir"]
[Result "1/2-1/2"]
[WhiteTitle "GM"]
[WhiteElo "2590"]
[BlackTitle "GM"]
[BlackElo "2730"]

1.e4 c5 2.Nf3 Nc6 3.d4 cxd4 4.Nxd4 Nf6 5.Nc3 d6 6.Bg5 e6 7.Qd2 Be7
8.O-O-O Nxd4 9.Qxd4 O-O 10.e5 dxe5 11.Qxe5 Bd7 12.Qg3 Rc8 13.Bd3 Nh5
14.Bxe7 Qxe7 15.Qe3 Bc6 16.Rhg1 Qc7 17.Qxa7 Qxh2 18.Qe3 Qf4 19.g4 Qxe3+
20.fxe3 Nf6 21.g5 Nd7 22.Be4 Ne5 23.Rh1 Bxe4 24.Nxe4 Ng4 25.Rdg1 f5
26.gxf6 Nxf6 27.Nd6 Rc7 28.e4 Nd7 29.Rg5 b6 30.b3 g6 31.Rh2 Kg7
32.Rhg2 Rc6 33.Rd2 Kf6 34.Rb5 Ke7 35.Nc4 Rf4 36.a4 Nc5 37.Rxb6 Rxb6
38.Nxb6 Rxe4 39.a5 h5 40.Nc8+ Kf6 41.Nd6 Rf4 42.Nb7 Nxb7 43.a6 Ke7
44.Rd8 Nxd8 45.a7 g5 46.a8=Q h4 47.Qb8 Nf7 48.b4 h3 49.Qc7+ Kf6
50.Qc3+ e5 51.Qxh3 1/2-1/2

[Event "Credit Suisse Masters"]
[Site "Horgen SWZ"]
[Date "1995.10.23"]
[Round "3"]
[White "Yusupov, Artur"]
[Black "Vaganian, Rafael"]
[Result "1/2-1/2"]
[WhiteTitle "GM"]
[WhiteElo "2680"]
[BlackTitle "GM"]
[BlackElo "2645"]

1.d4 d5 2.c4 e6 3.Nc3 Be7 4.Nf3 Nf6 5.Bg5 O-O 6.Rc1 h6 7.Bh4 b6
8.cxd5 Nxd5 9.Nxd5 exd5 10.Bxe7 Qxe7 11.g3 Bf5 12.Bg2 Be4 13.O-O c5
14.dxc5 bxc5 15.Nh4 Bxg2 16.Nxg2 d4 17.e3 Nc6 18.Qc2 dxe3 19.fxe3 Nb4
20.Qxc5 Qxc5 21.Rxc5 Nxa2 22.Rc7 Rab8 23.Rf2 a5 24.Ra7 Nb4 25.Rxa5 1/2-1/2

[Event "Credit Suisse Masters"]
[Site "Horgen SWZ"]
[Date "1995.10.23"]
[Round "3"]
[White "Ivanchuk, Vassily"]
[Black "Lautier, Joel"]
[Result "1-0"]
[WhiteTitle "GM"]
[WhiteElo "2740"]
[BlackTitle "GM"]
[BlackElo "2645"]

1.e4 c5 2.Nf3 e6 3.d4 cxd4 4.Nxd4 Nc6 5.Nc3 Qc7 6.Be3 a6 7.Bd3 Nf6
8.O-O Ne5 9.h3 Bc5 10.Kh1 d6 11.f4 Ned7 12.Qe1 Qb6 13.Na4 Qb4
14.Qxb4 Bxb4 15.Nb3 b5 16.Nb6 Nxb6 17.Bxb6 Nd7 18.Bd4 e5 19.c3 Bc5
20.fxe5 Bxd4 21.cxd4 dxe5 22.d5 Nf6 23.Nc5 Ke7 24.a4 Bd7 25.a5 Rhc8
26.b4 Rc7 27.Rf3 Be8 28.Be2 Nd7 29.Rc3 Kd6 30.Rac1 Raa7 31.Kg1 Nf6
32.Kf2 Bd7 33.Rf3 Bc8 34.Ke3 Ne8 35.Rcf1 f6 36.Rg3 Ke7 37.Bh5 g6
38.Bg4 Nd6 39.Bxc8 Rxc8 40.Rgf3 Rf8 41.g4 Rf7 42.Kd3 Ra8 43.R3f2 Rff8
44.h4 Rf7 45.Rf3 Rc8 46.R1f2 Rc7 47.h5 gxh5 48.gxh5 f5 49.exf5 e4+
50.Nxe4 Nxe4 51.Re3 Kd6 52.Rxe4 Kxd5 53.f6 Kd6 54.Rf5 Rc6 55.Kd4 Rc4+
56.Ke3 Rc6 57.Kd4 Rc4+ 58.Ke3 Rc6 59.Kf4 h6 60.Rd4+ Ke6 61.Re4+ Kd6
62.Kf3 Rc3+ 63.Kg4 Rc8 64.Rf1 Rg8+ 65.Kh4 Rgf8 66.Rd1+ Kc7 67.Re7+ Rxe7
68.fxe7 Rf4+ 69.Kg3 Re4 70.Rf1 Kd7 71.Rf6 Kxe7 72.Rxh6 Rxb4 73.Rxa6 Ra4
74.Ra7+ Kf8 75.a6 Kg8 76.h6 Kh8 77.Kf3 b4 78.Ke4 b3+ 79.Kd3 b2 80.Kc2 Rb4
81.Kb1 Rb6 82.h7 Rb4 83.Rc7 Ra4 84.Rc8+ Kxh7 85.Rc6 Rb4 86.a7 Ra4
87.Rc7+ Kg6 88.Kxb2 Kf6 89.Kb3 Ra1 90.Kb4 Ke6 91.Kb5 Kd6 92.Rc6+ Kd5
93.Ra6 Rb1+ 94.Ka5 Kc5 95.Rc6+ Kxc6 96.a8Q+ Kc7 97.Qa7+ Rb7 98.Qc5+ Kb8
99.Ka6 Rd7 100.Qe5+ Kc8 101.Kb6 Kd8 102.Kc6 Rf7 103.Qg5+ Ke8 104.Kd6 Kf8
105.Ke6 Rh7 106.Qf6+ Kg8 107.Qg6+ Rg7 108.Qe8+ Kh7 109.Kf6 Rg4
110.Qh5+ Kg8 111.Qxg4+ 1-0

[Event "Credit Suisse Masters"]
[Site "Horgen SWZ"]
[Date "1995.10.24"]
[Round "4"]
[White "Vaganian, Rafael"]
[Black "Short, Nigel"]
[Result "0-1"]
[WhiteTitle "GM"]
[WhiteElo "2645"]
[BlackTitle "GM"]
[BlackElo "2645"]

1.d4 Nf6 2.c4 e6 3.Nc3 Bb4 4.e3 c5 5.Bd3 Nc6 6.Nf3 Bxc3+ 7.bxc3 d6 8.e4 e5
9.d5 Ne7 10.Nh4 h6 11.O-O g5 12.Qf3 Nh7 13.Nf5 Nxf5 14.exf5 Bd7 15.Rb1 b6
16.Bc2 Rb8 17.a4 a5 18.h4 Qf6 19.hxg5 hxg5 20.Qg4 Qh6 21.f3 Nf6
22.Qg3 Rg8 23.Be3 Kd8 24.Kf2 Kc7 25.Rh1 Qg7 26.Rh2 Bc8 27.Rbh1 Ba6
28.Bb3 Rbe8 29.Rh6 g4 30.Kg1 e4 31.f4 Nd7 32.f6 Nxf6 33.f5 Re5
34.Bf4 Rge8 35.Qe3 Rxf5 36.g3 Ree5 37.R1h2 Nh5 38.Bxe5 Qxe5 39.Rf2 Rf3
40.Rxf3 gxf3 41.Rxh5 Qxh5 42.Qxe4 Bc8 43.Kf2 Qh2+ 44.Kxf3 Qh1+
45.Ke3 Qe1+ 46.Kf3 Qxc3+ 47.Qe3 Qb2 48.Bd1 Bd7 49.Qe2 Qh8 50.g4 Qh3+
51.Kf4 f6 52.Bc2 Qc3 53.Bd1 Kd8 54.Qc2 Qd4+ 55.Kg3 Qg1+ 56.Kf4 Qf1+
57.Ke3 Qh3+ 58.Kf4 Qh4 59.Bf3 f5 60.Qd1 Kc7 61.Be2 fxg4 62.Bxg4 Qf6+
63.Kg3 Qc3+ 64.Kg2 Qxc4 0-1

[Event "Credit Suisse Masters"]
[Site "Horgen SWZ"]
[Date "1995.10.24"]
[Round "4"]
[White "Ehlvest, Jaan"]
[Black "Timman, Jan"]
[Result "1/2-1/2"]
[WhiteTitle "GM"]
[WhiteElo "2630"]
[BlackTitle "GM"]
[BlackElo "2590"]

1.e4 e6 2.d4 d5 3.e5 c5 4.c3 Nc6 5.Nf3 Qb6 6.Be2 cxd4 7.cxd4 Nh6 8.Nc3 Nf5
9.Na4 Qa5+ 10.Nc3 Qb6 11.Na4 Qa5+ 1/2-1/2

[Event "Credit Suisse Masters"]
[Site "Horgen SUI"]
[Date "1995.10.26"]
[Round "6"]
[White "Vaganian, Rafael"]
[Black "Lautier, Joel"]
[Result "1/2-1/2"]
[WhiteTitle "GM"]
[WhiteElo "2645"]
[BlackTitle "GM"]
[BlackElo "2640"]

1.Nf3 c5 2.c4 Nf6 3.g3 d5 4.cxd5 Nxd5 5.Bg2 Nc6 6.Nc3 Nc7 7.a3 g6 8.h4 h6
9.b4 cxb4 10.axb4 Bg7 11.Qa4 b5 12.Nxb5 Nxb5 13.Qxb5 Bd7 14.Rb1 Rc8
15.Qa4 Nd4 16.Qa5 Bf5 17.Qxd8+ Rxd8 18.Nxd4 Bxb1 19.Nc6 Rc8 20.O-O a6
21.Bb2 Bxb2 22.Rxb1 Bf6 23.d4 Kd7 24.d5 e6 25.dxe6+ Kxe6 26.Rb3 Rxc6
27.Bxc6 Rb8 28.Re3+ Kd6 29.Be8 Rb7 30.Ra3 Ke7 31.Rxa6 Rxb4 32.Bc6 Bd4
33.Ra8 g5 34.e3 Bc5 35.h5 Kf6 36.Bd5 Rb1+ 37.Kg2 Rb2 38.Re8 Rd2
39.Bf3 Rb2 40.g4 Bb4 1/2-1/2

[Event "Credit Suisse Masters"]
[Site "Horgen SUI"]
[Date "1995.10.26"]
[Round "6"]
[White "Timman, Jan"]
[Black "Gulko, Boris"]
[Result "1/2-1/2"]
[WhiteTitle "GM"]
[WhiteElo "2590"]
[BlackTitle "GM"]
[BlackElo "2620"]

1.c4 e5 2.Nc3 Nc6 3.e3 Nf6 4.Nf3 Bb4 5.Qc2 Bxc3 6.Qxc3 Qe7 7.a3 a5 8.d3 d5
9.cxd5 Nxd5 10.Qc2 a4 11.Be2 O-O 12.O-O Nb6 13.Bd2 Rd8 14.Bc3 Bf5
15.Rfd1 f6 16.Rac1 Qd7 17.h3 Kh8 18.Qb1 Nd5 19.Bd2 Be6 20.Be1 Qf7
21.Rc5 Nde7 22.Rdc1 Qg6 23.Kh2 Bd5 24.e4 Be6 25.Bd2 Qf7 26.Be3 Bb3
27.Nd2 Be6 28.Nf3 Bb3 29.Nd2 Be6 30.Qc2 Rd7 31.Nf3 Bb3 32.Qc3 Rad8
33.Bf1 Rd6 34.Nd2 Be6 35.Nc4 R6d7 36.Na5 Nxa5 37.Rxa5 Bb3 38.Ra7 c6
39.Qa5 Qe8 40.Bb6 Rc8 41.Bc5 Rb8 42.Bxe7 1/2-1/2

[Event "Credit Suisse Masters"]
[Site "Horgen SUI"]
[Date "1995.10.28"]
[Round "7"]
[White "Yusupov, Artur"]
[Black "Timman, Jan"]
[Result "1/2-1/2"]
[WhiteTitle "GM"]
[WhiteElo "2680"]
[BlackTitle "GM"]
[BlackElo "2590"]

1.d4 d5 2.c4 e6 3.Nf3 Nf6 4.Nc3 Be7 5.Bg5 O-O 6.e3 Nbd7 7.Rc1 dxc4
8.Bxc4 a6 9.a4 c5 10.O-O cxd4 11.Nxd4 1/2-1/2

[Event "Credit Suisse Masters"]
[Site "Horgen SUI"]
[Date "1995.10.28"]
[Round "7"]
[White "Short, Nigel"]
[Black "Ehlvest, Jaan"]
[Result "1/2-1/2"]
[WhiteTitle "GM"]
[WhiteElo "2645"]
[BlackTitle "GM"]
[BlackElo "2630"]

1.e4 c5 2.Nf3 d6 3.d4 cxd4 4.Nxd4 Nf6 5.Nc3 a6 6.Be3 e5 7.Nf3 Be7
8.Bc4 O-O 9.O-O Nc6 10.Re1 b5 11.Bf1 Rb8 12.Bg5 Ng4 13.Bxe7 Nxe7
14.a3 Bb7 15.Qd2 Qc7 16.Rad1 Rfd8 17.h3 Nf6 18.Qe3 Bc6 19.Bd3 Re8 1/2-1/2

[Event "Credit Suisse Masters"]
[Site "Horgen SUI"]
[Date "1995.10.29"]
[Round "8"]
[White "Ehlvest, Jaan"]
[Black "Ivanchuk, Vassily"]
[Result "1/2-1/2"]
[WhiteTitle "GM"]
[WhiteElo "2630"]
[BlackTitle "GM"]
[BlackElo "2740"]

1.d4 Nf6 2.Nf3 g6 3.c4 Bg7 4.Nc3 d5 5.cxd5 Nxd5 6.e4 Nxc3 7.bxc3 c5
8.Be3 Bg4 9.Qd2 cxd4 10.cxd4 Nc6 11.Rd1 O-O 12.Be2 Rc8 13.O-O Qa5
14.Qxa5 Nxa5 15.Rc1 Nc6 16.d5 Bxf3 17.Bxf3 Nd4 18.Rfd1 b6 19.Bxd4 Rxc1
20.Rxc1 1/2-1/2

[Event "Credit Suisse Masters"]
[Site "Horgen SUI"]
[Date "1995.10.30"]
[Round "9"]
[White "Korchnoi, Viktor"]
[Black "Timman, Jan"]
[Result "1-0"]
[WhiteTitle "GM"]
[WhiteElo "2635"]
[BlackTitle "GM"]
[BlackElo "2590"]

1.d4 Nf6 2.c4 e6 3.Nc3 Bb4 4.e3 O-O 5.Bd3 d5 6.Nf3 b6 7.a3 Bd6 8.e4 dxe4
9.Nxe4 Nbd7 10.O-O Bb7 11.Nxd6 cxd6 12.Bg5 h6 13.Bh4 d5 14.cxd5 Bxd5
15.Re1 Qc7 16.Ne5 Rfc8 17.Re3 Bb7 18.Qd2 Nxe5 19.dxe5 Nd5 20.Re4 Kf8
21.Rae1 Qc5 22.Rg4 Rc7 23.Bh7 g5 24.Bg3 f6 25.exf6 Rxh7 26.h4 gxh4
27.Rxh4 Qc6 28.Rc1 Qd7 29.Rxh6 Rc8 30.Bd6+ Ke8 31.Rxc8+ Bxc8 32.f7+ 1-0

[Event "Credit Suisse Masters"]
[Site "Horgen SUI"]
[Date "1995.10.30"]
[Round "9"]
[White "Vaganian, Rafael"]
[Black "Ehlvest, Jaan"]
[Result "1/2-1/2"]
[WhiteTitle "GM"]
[WhiteElo "2645"]
[BlackTitle "GM"]
[BlackElo "2630"]

1.Nf3 f5 2.g3 Nf6 3.Bg2 g6 4.b4 Bg7 5.Bb2 d6 6.c4 O-O 7.O-O e5 8.d3 Nc6
9.b5 Ne7 10.c5 Kh8 11.Nbd2 Be6 12.a4 h6 13.Rc1 g5 14.Nc4 f4 15.Nfd2 Rb8
16.cxd6 cxd6 17.d4 fxg3 18.hxg3 e4 19.d5 Bxd5 20.Ne3 Qb6 21.Bxf6 Rxf6
22.Nxd5 Nxd5 23.Nxe4 Rf5 24.a5 Qd8 25.Qd2 Qe7 26.Rc4 Rd8 27.Rfc1 Nf6
28.Rc8 Nxe4 29.Bxe4 Rff8 30.Rxd8 Rxd8 31.Qd5 b6 32.Qf5 Bd4 33.Qg6 Qg7
34.Qxg7+ Bxg7 35.a6 d5 36.Bd3 Be5 37.Rc6 Bd6 38.e3 Kg7 39.f4 Kf6
40.Kf2 Ke7 41.Kf3 Rf8 42.Kg4 gxf4 43.exf4 Rg8+ 44.Kh4 Rd8 45.Kh5 Rg8
46.Bg6 d4 47.Rc4 Kf6 48.Rc6 Ke7 49.f5 Rf8 50.Kg4 d3 51.Rc3 d2 52.Rd3 Bb4
53.Kf4 Rc8 54.Bh5 Rc4+ 55.Ke5 Rc5+ 56.Rd5 Bc3+ 57.Ke4 Rxd5 58.Kxd5 1/2-1/2

[Event "Credit Suisse Masters"]
[Site "Horgen SUI"]
[Date "1995.10.31"]
[Round "10"]
[White "Timman, Jan"]
[Black "Lautier, Joel"]
[Result "0-1"]
[WhiteTitle "GM"]
[WhiteElo "2590"]
[BlackTitle "GM"]
[BlackElo "2645"]

1.e4 c5 2.Nf3 e6 3.Nc3 Nc6 4.Bb5 Nge7 5.O-O a6 6.Bxc6 Nxc6 7.d4 cxd4
8.Nxd4 Qc7 9.Re1 Bd6 10.Nd5 exd5 11.exd5+ Ne5 12.Nf5 O-O 13.Bh6 gxh6
14.Qh5 Ng6 15.Qxh6 Be5 16.d6 Qc5 17.g4 Re8 18.Re4 Re6 19.Qg5 Bxd6
20.Nh6+ Kh8 21.Nxf7+ Kg7 22.Qh6+ Kxf7 0-1

[Event "Credit Suisse Masters"]
[Site "Horgen SUI"]
[Date "1995.10.31"]
[Round "10"]
[White "Kramnik, Vladimir"]
[Black "Vaganian, Rafael"]
[Result "1-0"]
[WhiteTitle "GM"]
[WhiteElo "2730"]
[BlackTitle "GM"]
[BlackElo "2645"]

1.Nf3 Nf6 2.d4 e6 3.c4 b6 4.a3 Bb7 5.Nc3 Ne4 6.Nxe4 Bxe4 7.e3 Be7 8.Bd3 d5
9.Bxe4 dxe4 10.Nd2 f5 11.f3 Bd6 12.Qa4+ c6 13.O-O Qh4 14.f4 O-O
15.c5 bxc5 16.Nc4 Qe7 17.dxc5 Bxc5 18.b4 Bd6 19.Bb2 Bc7 20.Rfd1 c5
21.bxc5 Qxc5 22.Rac1 Qe7 23.Qb5 Bb6 24.a4 Bc5 25.Bd4 Bxd4 26.Rxd4 a6
27.Qb6 Ra7 28.Nd6 Rd7 29.Rc8 Rxc8 30.Nxc8 Qa3 31.Qxe6+ Kf8 32.Qxf5+ Ke8
33.Qe6+ Kd8 34.Qb6+ Ke8 35.Nd6+ 1-0

[Event "Credit Suisse Masters"]
[Site "Horgen SUI"]
[Date "1995.11.01"]
[Round "11"]
[White "Korchnoi, Viktor"]
[Black "Kramnik, Vladimir"]
[Result "1/2-1/2"]
[WhiteTitle "GM"]
[WhiteElo "2635"]
[BlackTitle "GM"]
[BlackElo "2730"]

1.d4 d5 2.c4 c6 3.e3 Nf6 4.Nf3 Bf5 5.Bd3 e6 6.O-O Bg6 7.Qc2 Be7
8.Nbd2 Nbd7 9.Bxg6 hxg6 10.e4 dxe4 11.Nxe4 Qa5 12.Neg5 Qf5 13.Qb3 b5
14.Re1 bxc4 15.Qxc4 Qb5 16.Qc2 O-O 17.Bd2 Rac8 18.b4 Bd8 19.Rac1 Bb6
20.a4 Qd5 21.Qc4 Rfd8 22.g3 Nb8 23.Be3 Ne8 24.Qc2 Bc7 25.h4 Qf5
26.Qa2 Qd5 27.Qe2 Bd6 28.Ne5 f6 29.Nxg6 fxg5 30.hxg5 Nd7 31.Bf4 Nf8
32.Nxf8 Kxf8 33.Be5 Bxe5 34.dxe5 Qd3 35.Qh5 Ke7 36.Re3 Qd2 37.Rce1 Rd7
38.g6 Kd8 39.Qg4 Qd5 40.Rc1 Rcc7 41.Qf4 Qd4 42.Re4 Qd2 43.Qh4+ Kc8
44.Rcc4 Qd1+ 45.Kg2 Qxa4 46.Qg4 Re7 47.Rc5 Qb3 48.Rd4 Qb1 49.Rd6 Qf5
50.Qc4 Qxg6 51.Qa6+ Rb7 52.Qxc6+ Nc7 53.Rd8+ Kxd8 54.Qxb7 Ke8 55.Qb8+ Kf7
56.Rxc7 Qe4+ 57.f3 Qe2+ 58.Kh3 Qxf3 59.Rxe7+ Kxe7 60.Qxa7+ Ke8
61.Qb8+ Kf7 62.Qc7+ Ke8 63.Qc8+ Ke7 64.Qc4 Kd7 65.Qd4+ Ke8 1/2-1/2

[Event "Credit Suisse Masters"]
[Site "Horgen SUI"]
[Date "1995.11.01"]
[Round "11"]
[White "Ivanchuk, Vassily"]
[Black "Timman, Jan"]
[Result "1/2-1/2"]
[WhiteTitle "GM"]
[WhiteElo "2740"]
[BlackTitle "GM"]
[BlackElo "2590"]

1.e4 e5 2.Nf3 Nc6 3.Bb5 a6 4.Ba4 Nf6 5.O-O Be7 6.Re1 b5 7.Bb3 O-O 8.c3 d6
9.h3 Na5 10.Bc2 c5 11.d4 Qc7 12.Nbd2 cxd4 13.cxd4 Bb7 14.d5 Rac8
15.Bb1 Nh5 16.Nb3 Nxb3 17.axb3 g6 18.Bh6 Rfe8 19.Be3 Qd7 20.Kh2 Bf8
21.Nd2 Bg7 22.g3 Qe7 23.b4 Rf8 24.Ra3 Qe8 25.Nf3 Rc7 26.Bb6 Rc8
27.Nh4 Kh8 28.Be3 Qd7 29.Bd3 Nf6 30.Rg1 Ng8 31.g4 Bh6 32.Qd2 Bxe3
33.Qxe3 Qe7 34.Kg3 Rc7 35.Rc1 Rfc8 36.Rac3 Nf6 37.Ng2 Kg7 38.Qb6 Rxc3
39.Rxc3 Ne8 40.Ne3 Rc7 41.h4 Rd7 42.f3 h5 43.Rc2 hxg4 44.fxg4 Nf6
45.Rc3 Kh7 46.Kf3 Ne8 47.Kg3 Nf6 48.Rc1 Kg7 49.Rc2 Kf8 50.Qa5 Kg7
51.Qa1 Qd8 52.Qa5 Qe7 53.Rc3 Kh7 54.Qa1 Qd8 55.Qa5 Qe7 56.Qb6 1/2-1/2

[Event "Credit Suisse Masters"]
[Site "Horgen SUI"]
[Date "1995.11.01"]
[Round "11"]
[White "Short, Nigel"]
[Black "Gulko, Boris"]
[Result "1-0"]
[WhiteTitle "GM"]
[WhiteElo "2645"]
[BlackTitle "GM"]
[BlackElo "2620"]

1.e4 c6 2.Ne2 d5 3.e5 c5 4.d4 Nc6 5.c3 Bf5 6.dxc5 e6 7.b4 a5 8.Nd4 axb4
9.cxb4 Qc7 10.Bb5 Bxb1 11.Rxb1 Qxe5+ 12.Be3 Qc7 13.O-O Be7 14.Bxc6+ bxc6
15.b5 cxb5 16.Nxb5 Qc6 17.Nd4 Qc8 18.Qb3 Nf6 19.Qb5+ Kf8 20.Nc6 Ne4
21.Nxe7 Kxe7 22.Qb2 Rd8 23.Qxg7 Rxa2 24.Rfc1 Rg8 25.Qe5 f6 26.Qh5 Rg7
27.c6 Kd6 28.c7 Ra8 29.Bf4+ e5 30.Bxe5+ fxe5 31.Qh6+ 1-0